The adventures of Tom Sawyer / (Record no. 10633)
[ view plain ]
| 000 -LEADER | |
|---|---|
| fixed length control field | 00794nam a2200277 a 4500 |
| 001 - CONTROL NUMBER | |
| JCCL Control Number | 10633 |
| 003 - CONTROL NUMBER IDENTIFIER | |
| JCCL marc code | BD-JhCC |
| 005 - DATE AND TIME OF LATEST TRANSACTION | |
| control field | 20200213134007.0 |
| 008 - FIXED-LENGTH DATA ELEMENTS--GENERAL INFORMATION | |
| fixed length control field | 970501s20081992xx 30 vleng |
| 017 ## - COPYRIGHT OR LEGAL DEPOSIT NUMBER | |
| Copyright or legal deposit number | PA672-491 |
| Assigning agency | U.S. Copyright Office |
| 020 ## - INTERNATIONAL STANDARD BOOK NUMBER | |
| International Standard Book Number | 97801995365668 |
| 035 ## - SYSTEM CONTROL NUMBER | |
| system control number | (BD-JhCC)10633 |
| 040 ## - CATALOGING SOURCE | |
| Original cataloging agency | DLC |
| Transcribing agency | DLC |
| Description conventions | amim |
| Modifying agency | DLC |
| -- | BD-JhCC) |
| 041 ## - LANGUAGE CODE | |
| Language code of Book | eng |
| 050 00 - LIBRARY OF CONGRESS CALL NUMBER | |
| Classification number | VBL 0951 (viewing copy) |
| 082 ## - DEWEY DECIMAL CLASSIFICATION NUMBER | |
| Classification number | 813.4 |
| Author mark and Year | TWA 2008 |
| 100 ## - MAIN ENTRY--PERSONAL NAME | |
| Personal name | Twain, Mark |
| 245 04 - TITLE STATEMENT | |
| Title | The adventures of Tom Sawyer / |
| Statement of responsibility, etc | Mark Twain |
| 260 ## - PUBLICATION, DISTRIBUTION, ETC. (IMPRINT) | |
| Place of publication, distribution, etc | [United States : |
| Name of publisher, distributor, etc | Video Treasures, |
| Date of publication, distribution, etc | 2008 |
| 300 ## - PHYSICAL DESCRIPTION | |
| Pagination | 207 p. : |
| Dimensions | 19 cm. |
| 600 10 - SUBJECT ADDED ENTRY--PERSONAL NAME | |
| Personal name | Sawyer, Tom |
| Titles and other words associated with a name | (Fictitious character) |
| 655 #7 - | |
| Genre/form data or focus term | Series. |
| Source of term | mim |
| 655 #7 - | |
| Genre/form data or focus term | Animation. |
| Source of term | mim |
| 655 #7 - | |
| Genre/form data or focus term | Children's films and programs. |
| Source of term | mim |
| 942 ## - ADDED ENTRY ELEMENTS (KOHA) | |
| Source of classification or shelving scheme | Dewey Decimal Classification |
| Koha item type | Books |
| Koha issues (borrowed), all copies | 3 |
| Source of classification or shelving scheme | Damaged status | Not for loan | Home library | Current library | Shelving location | Date of accession | Cost, normal purchase price | Total Checkouts | Full call number | Barcode | Date last seen | Date checked out | Copy number | Koha item type | Method of acquisition | Currency |
|---|---|---|---|---|---|---|---|---|---|---|---|---|---|---|---|---|
| Dewey Decimal Classification | JCC Rouf Library | JCC Rouf Library | General Stacks | 07/31/2018 | 399.00 | 4 | 813.4 TWA 2008 | 14174 | 02/20/2025 | 02/13/2025 | C-1 | Books | ||||
| Dewey Decimal Classification | JCC Rouf Library | JCC Rouf Library | General Stacks | 1 | 813.4 TWA 2017 | 19362 | 11/12/2025 | 11/05/2025 | C-2 | Books | Purchase | BDT |